01359nam a2200313 a 450000100100000000500170001000800410002704000250006808200330009310000440012624500440017025000120021426000760022630000200030249000280032259000260035060000440037665000300042065000310045065100640048165100490054565100540059465100490064871000850069783000350078291000370081795201740085499900170102800004909120250621074009.0190718s2009 dr r 000 0 spa d aDO-SdBNPbspacBNPHU aF-RD 923.27293bD812id, 20091 aDuarte, Juan Pablo, d1813-18769149410aIdeario de Duarte e Himnos Dominicanos. a3a. ed. aSanto Domingo :bSecretaría de Estado de Interior y Policía,c2009. a48 p. ;c21 cm.1 aDerechos ciudadanosv18 aInventariado, 2019/BT10aDuarte, Juan Pablo, d1813-187691494 4aHimnos dominicanos976469 4aEmblemas nacionales976470 4aRepública DominicanaxHistoriay1844-1930xFuentes938423 4aRepública DominicanaxConstitución91008 0aRepública DominicanaxPolítica y gobierno945 4aRepública DominicanaxConstitución910081 aRepública Dominicana.bSecretaría de Estados de Interior y Policía.976471 0aDerechos ciudadanosv18976472 aValidado. Control de calidad MFF 00102ddc51708PDaBNPHUbBNPHUcHDd2019-07-18l0oBNPHU F-RD 923.27293 D812id 2009p49092-10r2020-06-25w2020-06-25yLF2zPerteneció a Maritza Baez.ZNo se presta c48579d48579